| 000 | 00705nam a2200229Ia 4500 | ||
|---|---|---|---|
| 003 | GCL | ||
| 008 | 140319s9999 xx 000 0 ara d | ||
| 040 |
_aGCL / _cGCL |
||
| 082 | 0 | 4 |
_a410 _bا ب |
| 100 | 1 | _aاحمد مختار عمر | |
| 245 | 1 | 0 |
_aالبحث اللغوى عند العرب مع دراسة لقضية التاثير والتاثر / _cاحمد مختار عمر |
| 260 |
_a[S.N] : _bعالم الكتب الحديث ، _c1988 |
||
| 300 | _a382 ص | ||
| 490 | _a | ||
| 650 | 0 | 4 | _aالنحو |
| 650 | 0 | 4 | _aالالفاظ |
| 650 | 0 | 4 | _aاللغة العربية |
| 650 | 0 | 4 | _aالصرف |
| 650 | 0 | 4 | _aالمعاجم العربية |
| 650 | 0 | 4 | _aالاصوات |
| 942 |
_2ddc _cBK |
||
| 999 |
_c32609 _d32609 |
||